000 00298nam a2200133Ia 4500
100 _aPARR/ANDREW
942 _cBK
366 _f25
654 _ahydraulics
245 _aHydraulics and pneumatics:A technicians and engineeris guide
260 _bJaico
_c2005
300 _a223
546 _aENGLISH
999 _c29731
_d29731